000 01190nam a22003617a 4500
003 CHAP
005 20220329133514.0
008 971013s1992 r 00010 d
010 _a7145
011 _a8117
035 _a7342
040 _cCHAP
082 _a338.763
_bH35
100 0 0 _aHamilton, William H.
_952444
245 _aAgribusiness
_b: an entrepreneurial approach
260 _aAlbany, N.Y. :
_bDelmar,
_c1992
300 _a368 p.
_b: ilus.
500 _a64-112
590 _aBATCH-UPD
_b10
_c20130110
_lUCH01
_h0007
590 _aBATCH-UPD
_b10
_c20130110
_lUCH01
_h1957
590 _aBATCH-UPD
_b10
_c20130410
_lUCH01
_h1318
590 _aBATCH-UPD
_b10
_c20130914
_lUCH01
_h1220
590 _aCONVERSION
_b10
_c20130109
_lUCH01
_h1305
650 1 4 _aIndustria
_xAdministración.
_957683
650 1 4 _aIndustria
_xOrganización.
_957757
650 1 4 _aIndustrias agrícolas.
_957925
700 0 _aConnely, Donald F.
_927218
700 0 _aDoster, D. Howard.
_934053
901 _aBK
942 _cLIBRO
949 _a338.763 H35
_bBC
_cLIBRO
_d33724000419933
_eLIBRO
_fc.2
_h82972
_i7342
_si
_t98.00
949 _a338.763 H35
_bBC
_cLIBRO
_d33724000419941
_eLIBRO
_gI. c/e
_h82971
_i7342
_si
_t98.00
999 _c7145
_d7145